UM Logo

Smoking boosts heart attack; risk 8-fold for younger adults/ (Record no. 9675)

MARC details
000 -LEADER
fixed length control field 00375nam a2200121 4500
008 - FIXED-LENGTH DATA ELEMENTS--GENERAL INFORMATION
fixed length control field 180713b ||||| |||| 00| 0 eng d
100 ## - MAIN ENTRY--PERSONAL NAME
9 (RLIN) 28664
Personal name Seaman, Andrew M.
245 ## - TITLE STATEMENT
Title Smoking boosts heart attack; risk 8-fold for younger adults/
Statement of responsibility, etc. Andrew M. Seaman
260 ## - PUBLICATION, DISTRIBUTION, ETC. (IMPRINT)
Place of publication, distribution, etc. Philippines
Name of publisher, distributor, etc. Manila Bulletin
Date of publication, distribution, etc. c2016
300 ## - PHYSICAL DESCRIPTION
Extent page 7.
650 #0 - SUBJECT ADDED ENTRY--TOPICAL TERM
9 (RLIN) 28665
Topical term or geographic name as entry element Smoking.
942 ## - ADDED ENTRY ELEMENTS (KOHA)
Source of classification or shelving scheme Dewey Decimal Classification
Koha item type Periodicals
Holdings
Withdrawn status Lost status Source of classification or shelving scheme Damaged status Not for loan Collection code Home library Current library Date acquired Total Checkouts Date last seen Price effective from Koha item type Public note
    Dewey Decimal Classification     Periodicals UM Digos College - LIC UM Digos College - LIC 07/13/2018   07/13/2018 07/13/2018 Periodicals Newspaper Clippings